[Event "AUTO-BEG-323"]
[Site "http://www.queenalice.com/game.php?id=661158"]
[Date "2009.10.1"]
[Round "2"]
[White "alois"]
[Black "HuGeRoOsTeR"]
[Result "1-0"]
[WhiteElo "1444"]
[BlackElo "1520"]

1. e4 e5 2. Nf3 Nc6 3. Nc3 Nf6 4. d3 Bc5 5. Be3 Bxe3 6. fxe3 d6 7. Qe2 Bg4 8. h3
Bxf3 9. gxf3 O-O 10. O-O-O a6 11. Rg1 g6 12. Qf2 Nb4 13. d4 exd4 14. exd4 b6 15.
d5 a5 16. h4 a4 17. Bc4 a3 18. b3 Qd7 19. Qh2 Nh5 20. Rdf1 c6 21. f4 f5 22. Qh3
b5 23. Be2 Rac8 24. Bxh5 cxd5 25. Nxd5 Nxa2+ 26. Kd2 Qe6 27. Re1 b4 28. Be2 Qxe4
29. Bc4 Qd4+ 30. Qd3 Qb2 31. Ne7+ Kg7 32. Nxc8 Rxc8 33. Qxd6 Qc3+ 34. Ke2 Qxc2+
35. Kf3 Nc3 36. Qd7+ Kf8 37. Qxc8+ Kg7 38. Qb7+ Kf6 39. Qxb4 a2 40. Qd6+ Kg7 41.
Qd3 Qxd3+ 42. Bxd3 Nd5 43. Ra1 Nb4 44. Bc4 h5 45. Ke2 Kf6 46. Kd2 g5 47. hxg5+
Kg6 48. Rh1 Nc6 49. Rxa2 Nd4 50. Ra6+ Kg7 51. Rxh5 Nxb3+ 52. Bxb3 Kf8 53. Rh7
Ke8 54. Ra8# 1-0

[Event "Challenge"]
[Site "http://www.queenalice.com/game.php?id=673568"]
[Date "2009.10.27"]
[Round "-"]
[White "alois"]
[Black "Wettkampf"]
[Result "1-0"]
[WhiteElo "1407"]
[BlackElo "1421"]

1. e4 e5 2. Nf3 d6 3. Nc3 Nc6 4. Bc4 Bg4 5. Be2 Bxf3 6. Bxf3 Qf6 7. Nd5 Qd8 8.
d3 Nd4 9. Be3 Nxf3+ 10. Qxf3 Qd7 11. O-O O-O-O 12. Bxa7 c6 13. Nb6+ Kc7 14. Nxd7
Rxd7 15. Qe3 c5 16. c3 b6 17. b4 cxb4 18. Qxb6+ Kc8 19. Qb8# 1-0

[Event "Challenge"]
[Site "http://www.queenalice.com/game.php?id=1107868"]
[Date "2012.9.30"]
[Round "-"]
[White "antonin"]
[Black "alois"]
[Result "1/2-1/2"]
[WhiteElo "1429"]
[BlackElo "1288"]

1. e4 e5 2. Bc4 Nf6 3. Nf3 Nc6 4. Nc3 Bc5 5. d3 O-O 6. O-O b6 7. Nb5 a6 8. Nc3
b5 9. Bb3 Re8 10. Nd5 Rb8 11. Bg5 h6 12. Bh4 Ra8 13. Qe2 Rb8 14. Rad1 d6 15. c3
Nxd5 16. Bxd8 Rxd8 17. Bxd5 Be6 1/2-1/2

[Event "AUTO-INT-2450"]
[Site "http://www.queenalice.com/game.php?id=1107915"]
[Date "2012.9.30"]
[Round "1"]
[White "alois"]
[Black "coutovet"]
[Result "0-1"]
[WhiteElo "1305"]
[BlackElo "1488"]

1. d4 d5 2. Nf3 Nc6 3. Nc3 e6 4. Bf4 a6 5. Rc1 Bd6 6. Qd2 Nf6 7. Ra1 h6 8. Kd1
O-O 9. Rb1 b5 10. Rg1 Bb7 11. Bxd6 Qxd6 0-1

[Event "AUTO-INT-2450"]
[Site "http://www.queenalice.com/game.php?id=1107916"]
[Date "2012.9.30"]
[Round "1"]
[White "coutovet"]
[Black "alois"]
[Result "1-0"]
[WhiteElo "1497"]
[BlackElo "1296"]

1. e4 e5 2. Nf3 Nc6 3. d4 exd4 4. Nxd4 Nxd4 5. Qxd4 Qf6 6. Be3 Qd8 7. Nc3 Nh6 8.
Bxh6 Be7 9. Bxg7 Rg8 10. O-O-O f6 11. Bh6 1-0

[Event "alois"]
[Site "http://www.queenalice.com/game.php?id=1108104"]
[Date "2012.9.30"]
[Round "-"]
[White "alois"]
[Black "Ruusgugg"]
[Result "0-1"]
[WhiteElo "1321"]
[BlackElo "1313"]

1. e4 Nf6 2. Nf3 e6 3. Nc3 Bc5 4. d3 Ng4 5. d4 Bb4 6. Bd2 Nc6 7. Rc1 d5 8. a3
Ba5 9. Rg1 h5 10. Rh1 O-O 11. Rg1 dxe4 12. Nxe4 Qd5 13. b4 Bb6 0-1